|
|
|
|
| LEADER |
00000nab a2200000 a 4500 |
| 001 |
vtls008999173 |
| 003 |
SK-MaSNL |
| 005 |
20260304150554.0 |
| 008 |
250505c2005 xo |||||| ab ||00 a|slo |
| 015 |
|
|
|a SNBRB2007/06
|2 snkbucl
|
| 035 |
|
|
|a (sysno)vtls008999173
|
| 035 |
|
|
|a urn:nbn:sk:snk-ab74fd
|
| 035 |
|
|
|a (uuid)3d2bbf42-1fbd-401e-941f-7546522a781b
|
| 035 |
|
|
|a (urnnbn)urn:nbn:sk:snk:ar-a06t8x
|
| 038 |
|
|
|a SNKBUCL
|
| 040 |
|
|
|a SNKBUCL
|b slo
|c SNKBUCL
|e AACR2
|
| 041 |
0 |
|
|a eng
|
| 044 |
|
|
|a xo
|c SK
|
| 080 |
|
|
|a 94(560)
|x "1908/1914"
|2 1997
|
| 080 |
|
|
|a 323.272
|x (560)
|x "1908/1914"
|2 1997
|
| 080 |
|
|
|a 172.15
|x (=411.21)
|x "1908/1914"
|2 1997
|
| 100 |
1 |
|
|a Sorby, Karol,
|d 1973-
|4 aut
|9 131741
|
| 245 |
1 |
0 |
|a Arab nationalism after the Young Turk revolution (1908-1914)
|c Karol Sorby, Jr.
|
| 504 |
|
|
|a Bibliogr. odkazy
|
| 648 |
|
7 |
|a 1908-1909
|2 snkbucl
|9 1471332
|
| 648 |
|
7 |
|a 1908-1914
|2 snkbucl
|9 1471333
|
| 648 |
|
7 |
|a 1914-1918
|2 snkbucl
|9 289143
|
| 650 |
0 |
7 |
|a prvá svetová vojna (1914-1918)
|2 snkbucl
|9 162650
|
| 650 |
0 |
7 |
|a nacionalizmus
|2 snkbucl
|9 4731
|
| 650 |
0 |
7 |
|a arabský nacionalizmus
|2 snkbucl
|9 1471334
|
| 650 |
0 |
7 |
|a mladoturecká revolúcia, 1908-1909
|2 snkbucl
|9 102976
|
| 651 |
|
7 |
|a Turecko
|x dejiny
|2 snkbucl
|9 24799
|
| 651 |
|
7 |
|a Stredný východ
|x dejiny
|y 1908-1914
|2 snkbucl
|9 1471335
|
| 655 |
|
7 |
|a štúdie
|2 snkbucl
|9 57033
|
| 773 |
0 |
|
|t Asian and African studies
|g Vol. 14, no. 1 (2005), p. 4-21
|x 1335-1257
|
| 850 |
|
|
|a Slovenská národná knižnica
|
| 852 |
|
|
|a Slovenská národná knižnica
|
| 958 |
|
|
|a article27
|
| 958 |
|
|
|a NB
|
| 958 |
|
|
|a TR
|
| 958 |
|
|
|a OND
|
| 958 |
|
|
|a EUIPO
|
| 999 |
|
|
|c 2938776
|d 2940706
|